The Eminem Quiz - Statistics

General Stats
  • This quiz has been taken 66 times
    51 since last reset
  • The average score is 10 of 12
Answer Stats
Hint Answer % Correct
His movie 8 Mile
100%
Eminem's first name Marshall
98%
Eminem last name Mathers
98%
Where he grew up Detroit
95%
Daughter's name Hailie
95%
Rapper who discovered him Dr. Dre
91%
Eminem's Middle name Bruce
81%
Song he had elton john sing Stan
81%
Song Eminem won an academy award for Lose Yourself
79%
Song he collaborated with Dr. Dre Forgot About Dre
74%
Song ft. Nate Dogg Till' I Collapse
56%
His birthstate Missourri
42%
No matching quizzes found
Score Distribution
Percent of People with Each Score
Percentile by Number Answered
Your Score History
You have not taken this quiz since the last reset